FONTES JURIS GENTIUM : (Record no. 65006)
[ view plain ]
| 000 -LEADER | |
|---|---|
| fixed length control field | 01094nam a2200313 i 4500 |
| 003 - CONTROL NUMBER IDENTIFIER | |
| control field | EG-GICUC |
| 005 - DATE AND TIME OF LATEST TRANSACTION | |
| control field | 20260307183733.0 |
| 008 - FIXED-LENGTH DATA ELEMENTS--GENERAL INFORMATION | |
| fixed length control field | 260305s1937 gw ||||fr|||| 00| 0 ger d |
| 040 ## - CATALOGING SOURCE | |
| Original cataloging agency | EG-GiCUC |
| Language of cataloging | eng |
| Transcribing agency | EG-GiCUC |
| Modifying agency | EG-GiCUC |
| Description conventions | rda |
| 041 ## - LANGUAGE CODE | |
| Language code of text/sound track or separate title | ger |
| 082 04 - DEWEY DECIMAL CLASSIFICATION NUMBER | |
| Edition number | 21 |
| Classification number | 341.33 |
| Item number | MA.F |
| 092 04 - LOCALLY ASSIGNED DEWEY CALL NUMBER (OCLC) | |
| Edition number | 21 |
| 099 ## - LOCAL FREE-TEXT CALL NUMBER (OCLC) | |
| Classification number | Law1 11 341.33 MA.F 1937 |
| 100 1# - MAIN ENTRY--PERSONAL NAME | |
| Personal name | Makarov , A. N. |
| Relator term | Author. |
| 245 ## - TITLE STATEMENT | |
| Title | FONTES JURIS GENTIUM : |
| Remainder of title | Handbuch der diplomatischen Korrespondenz der europäischen Staaten 1871-1878 / |
| Number of part/section of a work | Vol.1 , |
| Statement of responsibility, etc. | A. N. Makarov . |
| 246 1# - VARYING FORM OF TITLE | |
| Title proper/short title | Répertoire de la Correspondance diplomatique des Etats Européens |
| 246 1# - VARYING FORM OF TITLE | |
| Title proper/short title | Digest of the Diplomatic Correspondence of the European States |
| 264 ## - PRODUCTION, PUBLICATION, DISTRIBUTION, MANUFACTURE, AND COPYRIGHT NOTICE | |
| Place of production, publication, distribution, manufacture | Berlin : |
| Name of producer, publisher, distributor, manufacturer | CARL HEYMANNS VERLAG , |
| Date of production, publication, distribution, manufacture, or copyright notice | 1937 . |
| 300 ## - PHYSICAL DESCRIPTION | |
| Extent | 622 pages , |
| Dimensions | 24 cm |
| 336 ## - CONTENT TYPE | |
| Source | rda content |
| Content type term | text |
| 337 ## - MEDIA TYPE | |
| Source | rda media |
| Media type term | Computer |
| 338 ## - CARRIER TYPE | |
| Source | rda carrier |
| Carrier type term | Online Resource |
| 546 ## - LANGUAGE NOTE | |
| Language note | Text in German |
| 650 1# - SUBJECT ADDED ENTRY--TOPICAL TERM | |
| Topical term or geographic name entry element | Internationales Recht |
| 651 1# - SUBJECT ADDED ENTRY--GEOGRAPHIC NAME | |
| Source of heading or term | qrmak |
| 856 40 - ELECTRONIC LOCATION AND ACCESS | |
| Uniform Resource Identifier | <a href="https://fll.law.cu.edu.eg/fulltext/bks/B11-08760.pdf">https://fll.law.cu.edu.eg/fulltext/bks/B11-08760.pdf</a> |
| 905 ## - Cataloger and Reviser Names | |
| Cataloger Name: | Hager Sameh |
| 942 ## - ADDED ENTRY ELEMENTS (KOHA) | |
| Source of classification or shelving scheme | Dewey Decimal Classification |
| Koha item type | Books |
| Edition | 21 |
| Suppress in OPAC | No |
| Withdrawn status | Lost status | Source of classification or shelving scheme | Damaged status | Not for loan | Collection | Home library | Current library | Date acquired | Total checkouts | Full call number | Barcode | Date last seen | Copy number | Price effective from | Koha item type |
|---|---|---|---|---|---|---|---|---|---|---|---|---|---|---|---|
| Dewey Decimal Classification | Not for loan | القانون الدولي العام | جــــامعة القــاهرة | مكتبة كلية الحقوق - المبنى الرئيسي | 05.03.2026 | Law1 11 341.33 MA.F 1937 1108760 V1, C1 | B11-08760 | 05.03.2026 | 1 | 05.03.2026 | Books |